Informačná vojna - jeden z multidisciplinárnych fenoménov súčasnej ľudskej spoločnosti

Informačné a komunikačné technológie ako neoddeliteľná súčasť našej spoločnosti. Teoretické východiská a charakteristika informačnej vojny. Informačná vojna verzus klasický konvenčný konflikt. Ciele informačnej vojny. Kritické informačné infraštruktúry.

Enregistré dans:
Détails bibliographiques
Auteur principal: Ivančík, Radoslav
Format: Chapitre de livre
Langue:slovaque
Sujets:
Tags: Ajouter un tag
Pas de tags, Soyez le premier à ajouter un tag!

MARC

LEADER 00000naa a2200000 4500
001 0278849
005 20211001123324.0
041 0 |a slo 
044 |a SK 
245 1 0 |a Informačná vojna - jeden z multidisciplinárnych fenoménov súčasnej ľudskej spoločnosti  |c Radoslav Ivančík 
520 |a Informačné a komunikačné technológie ako neoddeliteľná súčasť našej spoločnosti. Teoretické východiská a charakteristika informačnej vojny. Informačná vojna verzus klasický konvenčný konflikt. Ciele informačnej vojny. Kritické informačné infraštruktúry. 
610 2 0 |a vojna informačná 
610 2 0 |a technológie informačné 
610 2 0 |a technológie komunikačné 
610 2 0 |a informácie 
610 2 0 |a bezpečnosť informačná 
610 2 0 |a spoločnosť 
100 1 |a Ivančík, Radoslav